[Event "Porto Sant Elpidio U16 op 6th"]
[Site "Porto Sant Elpidio"]
[Date "2003.11.16"]
[Round "2"]
[White "Gasparroni, Daniele"]
[Black "Rubini, Matteo"]
[Result "1-0"]
[WhiteElo "1645"]
[BlackElo "1543"]
[PlyCount "45"]
[EventDate "2003.11.15"]
[EventType "swiss"]
[EventRounds "6"]
[EventCountry "ITA"]
[SourceTitle "EXT 2024"]
[Source "ChessBase"]
[SourceDate "2023.10.10"]
[SourceVersion "1"]
[SourceVersionDate "2023.10.10"]
[SourceQuality "1"]

1. Nf3 d5 2. d4 e6 3. e3 c5 4. Bd3 Nc6 5. 0-0 Nf6 6. b3 Bd6 7. Bb2 cxd4 8. exd4 0-0 9. c4 dxc4 10. bxc4 Bb4 11. a3 Be7 12. Nc3 g6 13. Qe2 Nxd4 14. Nxd4 Qxd4 15. Nd5 Qc5 16. Nxf6+ Bxf6 17. Bxf6 e5 18. Qxe5 Qc6 19. Be4 Qxc4 20. Bh8 f6 21. Bxf6 Rxf6 22. Bd5+ Re6 23. Bxc4 1-0